Verejné obstarávanie

Pravidlá verejného obstarávania. Zákon 13/2015 Z.z. a jeho cieľ znemožniť schránkovým firmám uchádzať sa o získavanie zákaziek z verejných zdrojov ustanovením prísnejších podmienok účasti na VO. V čase od povolenia reštrukturalizácie do jej skončenia sa nebude môcť subjekt zúčastniť VO.

Salvato in:
Dettagli Bibliografici
Autore principale: Janura, Daniel
Natura: Capitolo di libro
Lingua:slovacco
Soggetti:
Tags: Aggiungi Tag
Nessun Tag, puoi essere il primo ad aggiungerne!!

MARC

LEADER 00000naa a2200000 4500
001 0200736
005 20231120104419.1
041 0 |a slo 
044 |a SK 
245 1 0 |a Verejné obstarávanie  |c Daniel Janura 
520 |a Pravidlá verejného obstarávania. Zákon 13/2015 Z.z. a jeho cieľ znemožniť schránkovým firmám uchádzať sa o získavanie zákaziek z verejných zdrojov ustanovením prísnejších podmienok účasti na VO. V čase od povolenia reštrukturalizácie do jej skončenia sa nebude môcť subjekt zúčastniť VO. 
610 2 0 |a obstarávanie verejné 
610 2 0 |a úpravy právne 
610 2 0 |a Slovensko 
100 1 |a Janura, Daniel